Les 15 Premiers ministres d'Elisabeth II - Statistiques

Statistiques générales
  • Ce quiz a été pris 769 fois
  • Le résultat moyen est 8 sur 15
Statistiques - réponses
1er ministre Parti % Correct
1979-1990 Margaret Thatcher Conservateur
90%
2019- Boris Johnson Conservateur
88%
1951-1955 Winston Churchill Conservateur
87%
2016-2019 Theresa May Conservateur
79%
1997-2007 Tony Blair Travailliste
74%
2010-2016 David Cameron Conservateur
72%
2007-2010 Gordon Brown Travailliste
45%
1990-1997 John Major Conservateur
44%
1955-1957 Anthony Eden Conservateur
33%
1964-1970 Harold Wilson Travailliste
33%
1974-1976 Harold Wilson Travailliste
33%
1957-1963 Harold Macmillan Conservateur
31%
1970-1974 Edward Heath Conservateur
27%
1976-1979 James Callaghan Travailliste
24%
1963-1964 Alec Douglas-Home Conservateur
22%
Aucun quiz correspondant
Distribution des résultats
% des personnes avec chaque résultat
Percentile par nombre de réponses
Votre historique - résultats
Vous n’avez pas pris ce quiz